[Event "ROM-ch U16 Girls"]
[Site "Voineasa"]
[Date "2008.04.17"]
[Round "8"]
[White "Bercaru, Bianca Manuela"]
[Black "Ilie, Maria Ruxandra"]
[Result "0-1"]
[WhiteElo "503"]
[BlackElo "401"]
[PlyCount "28"]
[EventDate "2008.04.08"]
[EventType "swiss"]
[EventRounds "9"]
[EventCountry "ROU"]
[SourceTitle "EXT 2013"]
[Source "ChessBase"]
[SourceDate "2012.11.22"]
[SourceVersion "1"]
[SourceVersionDate "2012.11.22"]
[SourceQuality "1"]

1. e4 c5 2. Nf3 Nc6 3. d4 cxd4 4. Nxd4 Nf6 5. Nc3 e6 6. Bc4 Bb4 7. Nxc6 bxc6 8. f3 d5 9. e5 Nd7 10. Bb3 Nxe5 11. Qd4 Bd6 12. f4 Qh4+ 13. Kf1 Ba6+ 14. Kg1 Qe1# 0-1

[Event "ROM-ch U16 Girls"]
[Site "Voineasa"]
[Date "2008.04.15"]
[Round "6"]
[White "Anusca, Madalina Maria"]
[Black "Bercaru, Bianca Manuela"]
[Result "1-0"]
[WhiteElo "971"]
[BlackElo "503"]
[PlyCount "126"]
[EventDate "2008.04.08"]
[EventType "swiss"]
[EventRounds "9"]
[EventCountry "ROU"]
[SourceTitle "EXT 2013"]
[Source "ChessBase"]
[SourceDate "2012.11.22"]
[SourceVersion "1"]
[SourceVersionDate "2012.11.22"]
[SourceQuality "1"]

1. e4 c5 2. Nf3 Nc6 3. Bb5 Nd4 4. Ba4 g6 5. c3 Nxf3+ 6. Qxf3 Bg7 7. 0-0 Rb8 8. Bb3 e6 9. d3 Ne7 10. Bf4 d6 11. Nd2 b5 12. Bg5 0-0 13. Bf6 Qc7 14. h4 h5 15. Bxg7 Kxg7 16. Qg3 Qb6 17. Bd1 Rh8 18. Qg5 Nc6 19. Nf3 e5 20. Nd2 Qd8 21. Qg3 Be6 22. f4 exf4 23. Rxf4 Qe7 24. Nf3 f6 25. Bc2 b4 26. c4 a5 27. Rf1 Rbf8 28. b3 Bd7 29. Rd1 Nd4 30. Nxd4 cxd4 31. Rdf1 Qe5 32. Bd1 g5 33. Kh2 g4 34. R4f2 Qxg3+ 35. Kxg3 Rf7 36. Rf4 Rhf8 37. Be2 Kg6 38. R1f2 Be6 39. Bf1 Ra8 40. Rb2 Raa7 41. Be2 Rab7 42. Rf2 Ra7 43. Rc2 Rfc7 44. Rf1 Rc5 45. Ra1 Rcc7 46. Bd1 Bd7 47. Rd2 Rcb7 48. a3 Be6 49. axb4 axb4 50. Rda2 Rxa2 51. Rxa2 Rb6 52. Ra5 Kh6 53. Kf2 Kg6 54. Ke1 Kh6 55. Kd2 Kg6 56. Kc1 Kh6 57. Kc2 Kg6 58. Kb2 Kh6 59. c5 dxc5 60. Rxc5 Kg6 61. Bc2 Kh6 62. Ra5 Kg6 63. Ra8 Bd7 1-0